000 00840 a2200241 4500
003 OSt
005 20180116192402.0
008 120703t xxu||||| |||| 00| 0 eng d
010 _a12646634
020 _a0714843318
020 _a9780714843315
040 _c0
082 _a779.978165092
100 _aDeCarava, Roy.
_95516
245 1 4 _aThe sound I saw :
_bimprovisation on a jazz theme / |
_cRoy DeCarava.
260 _aLondon ;
_aNew York :
_b Phaidon,
_c2001.
300 _a1 v. (unpaged) :
_bchiefly ill. ;
_c35 cm.
650 1 0 _aJazz musicians
_zNew York (State)
_zNew York
_yPortraits.
_95517
651 0 _aHarlem (New York, N.Y.)
_yPictorial works.
_95518
651 0 _aNew York (N.Y.)
_xPictorial works.
_95519
942 _aSADA
_cREF
_kREF 779.978165092 DEC 2001
_2ddc
999 _c353356
_d353356